Latidos de la tierra / (Record no. 4676)

000 -CABECERA
fixed length control field 00669nam a22002057a 4500
003 - IDENTIFICADOR DEL NÚMERO DE CONTROL
control field AR-CdUCM
008 - DATOS DE LONGITUD FIJA--INFORMACIÓN GENERAL
fixed length control field 190311b ||||| |||| 00| 0 spa d
040 ## - FUENTE DE LA CATALOGACIÓN
Agencia/entidad que catalogó originalmente la obra MUNICIPALIDAD PROVINCIAL DEL CUSCO
Entidad que transcribió la catalogación BIBLIOTECA MUNICIPAL DEL CUSCO
082 ## - NÚMERO DE LA CLASIFICACIÓN DECIMAL DEWEY
No. de Clasificación 869.56 /
Notacion interna B28
100 ## - ENTRADA PRINCIPAL--NOMBRE DE PERSONA
Nombre Personal Bausch, Germán
245 ## - MENCIÓN DE TÍTULO
Título Latidos de la tierra /
260 ## - PUBLICACIÓN, DISTRIBUCIÓN, ETC.
Lugar de publicación, distribución, etc. Cusco :
Nombre de la editorial, distribuidor, etc. "Imprenta Garcilaso",
Fecha de publicación, distribución, etc. 1955.
300 ## - DESCRIPCIÓN FÍSICA
Nº de Páginas Extensión 94 páginas ;
Dimensiones 18.5 cm.
650 ## - PUNTO DE ACCESO ADICIONAL DE MATERIA--TÉRMINO DE MATERIA
Descriptor Poesía peruana - Cusco
9 (RLIN) 14536
650 ## - PUNTO DE ACCESO ADICIONAL DE MATERIA--TÉRMINO DE MATERIA
Descriptor Poetas cusqueños - Siglo XX
9 (RLIN) 14537
650 ## - PUNTO DE ACCESO ADICIONAL DE MATERIA--TÉRMINO DE MATERIA
Descriptor Poesía contemporánea cusqueña
9 (RLIN) 14538
942 ## - ELEMENTOS DE PUNTO DE ACCESO ADICIONAL (KOHA)
Fuente de clasificación
Tipo de item Libros-BMC
945 ## - PROCESAMIENTO DE INFORMACIÓN LOCAL (OCLC)
Catalogador lccs
Holdings
Estado de retiro (separado) Fuente de clasificación o esquema de estanterías Estado dañado Ubicación Sala donde se ubica Nombre de la colección Fecha de adquisición o compra Costo, precio normal en soles Signatura topográfica Código de Barras Última vez visto (Koha) Tipo de ítem (Koha) Número de Ejemplar
No     Sala Humanidades Sala Humanidades Book Cart 2019-03-11 25.00 869.56 / B28L SH0000004924 2019-03-11 Libros-BMC  
No     Sala Humanidades Sala Humanidades Book Cart 2019-05-06 25.00 869.56 / B28L / e.2 SH0000012018 2019-05-06 Libros-BMC e.2

Powered by Koha